000 00589nam a2200229Ia 4500
003 0100
008 130307s9999 xx 000 0 und d
020 _a0870610074
040 _cARRUPELIB
050 _aBX1961.K45 1978
100 _aKevane, Eugene
245 _aCreed and Catechetics
245 _ba catechetical commentary on the creed of the people of God
260 _aWestminster
260 _bChristian Classics
260 _c1978
300 _axxiii
300 _b319p. 24cm.
650 _aCATHOLIC CHURCH
650 _bGod Theism Philosophical theology
942 0 0 _02
999 _c94811
_d94811